Citizen and the law / (Record no. 126285)

MARC details
000 -LEADER
fixed length control field 00609nam a22002177a 4500
005 - DATE AND TIME OF LATEST TRANSACTION
control field 20170124110007.0
010 ## - LIBRARY OF CONGRESS CONTROL NUMBER
LC control number A-125002
020 ## - INTERNATIONAL STANDARD BOOK NUMBER
Terms of availability 00.00
035 ## - SYSTEM CONTROL NUMBER
System control number A-125002
037 ## - SOURCE OF ACQUISITION
Source of stock number/acquisition Cen Lib/Ret
040 ## - CATALOGING SOURCE
Original cataloging agency DPL
Language of cataloging EN
082 ## - DEWEY DECIMAL CLASSIFICATION NUMBER
Classification number 347
Item number VAR
100 ## - MAIN ENTRY--PERSONAL NAME
Personal name Varadachari, V.K.
9 (RLIN) 17140
245 ## - TITLE STATEMENT
Title Citizen and the law /
Statement of responsibility, etc by V.K. Varadachari
260 ## - PUBLICATION, DISTRIBUTION, ETC. (IMPRINT)
Name of publisher, distributor, etc Metropolitan Book
Place of publication, distribution, etc New Delhi
Date of publication, distribution, etc 1982
270 ## - ADDRESS
Address 1, neta ji subhash marg
City New Delhi
Postal code 110002
300 ## - PHYSICAL DESCRIPTION
Extent vi, 167p.
Dimensions 21cm(Hb)
650 ## - SUBJECT ADDED ENTRY--TOPICAL TERM
Topical term or geographic name as entry element Law commission
9 (RLIN) 17141
650 ## - SUBJECT ADDED ENTRY--TOPICAL TERM
Topical term or geographic name as entry element Citizens
9 (RLIN) 17142
942 ## - ADDED ENTRY ELEMENTS (KOHA)
Source of classification or shelving scheme Dewey Decimal Classification
Koha item type English Books
Classification part 347
Call number suffix VAR
Holdings
Withdrawn status Lost status Damaged status Not for loan Home library Current library Date acquired Source of acquisition Cost, normal purchase price Total Checkouts Full call number Barcode Date last seen Copy number Cost, replacement price Price effective from Koha item type Public note
Written off       Central Library Central Library 25/06/2015 Cen Lib/Ret 0.00   347 VAR A-125002 25/06/2015 1 0.00 25/06/2015 English Books W/d List No. 6891/9 ; dtd 14/09/2020

© Delhi Public Library
Hit Counter
free hit counter